00302nam a2200109Ia 4500008004000000082001600040100002000056245005600076250000500132260004800137300000700185210210b1968 xxu||||| |||| 00| 0 eng d a307.76 BHAS aBHAGWAN PRASAD. aSocio-economic study of urban middle classes. Ed 1. a aDelhi.bSterling Publishers Pvt Ltd.,c1968 a85